00979cam a22003013a 450000100060000000300060000600500170001200800410002904000150007004200070008505000070009210000520009924500630015126000290021450600300024351600200027365300220029365300350031565300400035065300320039065300370042265300400045965300400049965300350053965300320057483000290060685600420063523373PGUSA20140828083511.0071106s2007||||xxu|||||s|||||000 1 eng d aPGUSAbeng adc 4aPZ1 aBallantyne, R. M.q(Robert Michael),d1825-189414aThe Eagle Cliffh[electronic resource] /cR. M. Ballantyne bProject Gutenberg,c2007 aPublic domain in the USA. aElectronic text aAdventure stories aShipwrecks -- Juvenile fiction aSurvival skills -- Juvenile fiction aFishers -- Juvenile fiction aOutdoor life -- Juvenile fiction aConduct of life -- Juvenile fiction aNatural history -- Juvenile fiction aFriendship -- Juvenile fiction aSailors -- Juvenile fiction 0aProject Gutenbergv2337340uhttp://www.gutenberg.org/ebooks/23373